[Event "DEN-ch sf6"]
[Site "Svendborg"]
[Date "2024.03.29"]
[Round "4"]
[White "Jacobsen, Steen"]
[Black "Marcussen, Claus"]
[Result "0-1"]
[WhiteElo "1831"]
[BlackElo "1791"]
[PlyCount "94"]
[EventDate "2024.03.29"]
[EventType "swiss"]
[EventRounds "7"]
[EventCountry "DEN"]
[SourceTitle "CB16_2024"]
[SourceDate "2024.04.17"]
[SourceVersion "1"]
[SourceVersionDate "2024.04.17"]
[SourceQuality "1"]

1. d4 f5 2. Bg5 Nf6 3. Bxf6 exf6 4. Nf3 d5 5. e3 Be6 6. Bd3 Bd6 7. Qe2 c6 8. Nbd2 Nd7 9. 0-0 0-0 10. c4 g6 11. cxd5 Bxd5 12. Bc4 Nb6 13. Bxd5+ Nxd5 14. Rfe1 Re8 15. a3 Kg7 16. Qd3 Bc7 17. h4 Qd7 18. Rac1 Re7 19. Nb3 Bb6 20. Nfd2 Rae8 21. Qf1 a6 22. Nc5 Bxc5 23. dxc5 Nxe3 24. fxe3 Qxd2 25. Qf2 Qxf2+ 26. Kxf2 Rd7 27. Rcd1 Red8 28. Ke2 Kh6 29. Rxd7 Rxd7 30. Rf1 Rd5 31. b4 Kh5 32. Rf4 g5 33. hxg5 fxg5 34. g4+ Kg6 35. gxf5+ Rxf5 36. Rd4 Rf7 37. Rd6+ Kf5 38. Rh6 g4 39. Rh5+ Kg6 40. Rh2 h5 41. e4 Kg5 42. Kd3 h4 43. e5 g3 44. Rg2 Kg4 45. e6 Re7 46. Re2 Kh3 47. Re3 Kh2 0-1

[Event "DEN-ch KP Gr1"]
[Site "Svendborg"]
[Date "2023.04.05"]
[Round "4"]
[White "Marcussen, Claus"]
[Black "Kronborg, Anders Farver"]
[Result "0-1"]
[WhiteElo "1643"]
[BlackElo "1727"]
[PlyCount "66"]
[EventDate "2023.04.05"]
[EventType "swiss"]
[EventRounds "5"]
[EventCountry "DEN"]
[SourceTitle "CBM 213 Extra"]
[Source "ChessBase"]
[SourceDate "2023.05.31"]
[SourceVersion "1"]
[SourceVersionDate "2023.05.31"]
[SourceQuality "1"]

1. f4 d5 2. Nf3 Nf6 3. e3 e6 4. d4 Be7 5. Bd3 b6 6. c3 0-0 7. 0-0 Ba6 8. Bxa6 Nxa6 9. Qd3 Qc8 10. Nbd2 c5 11. Ne5 Qb7 12. f5 Nc7 13. g4 exf5 14. gxf5 Nce8 15. Qe2 Nd6 16. Qg2 c4 17. Kf2 a5 18. Ke2 a4 19. Rg1 Nxf5 20. e4 Nxe4 21. Nxe4 dxe4 22. Bh6 Bf6 23. Ng4 Bxd4 24. cxd4 Nxd4+ 25. Kd1 g6 26. Nf6+ Kh8 27. Bxf8 Rxf8 28. Qh3 Kg7 29. Qh4 Nf3 30. Qxh7+ Kxf6 31. Rxg6+ Ke7 32. Rg2 Qd5+ 33. Kc1 Rd8 0-1

[Event "DEN-ch KP Gr1"]
[Site "Svendborg"]
[Date "2023.04.05"]
[Round "1"]
[White "Marcussen, Claus"]
[Black "Nielsen Refs, Karl Emil Elmer"]
[Result "0-1"]
[WhiteElo "1643"]
[BlackElo "2024"]
[PlyCount "70"]
[EventDate "2023.04.05"]
[EventType "swiss"]
[EventRounds "5"]
[EventCountry "DEN"]
[SourceTitle "CBM 213 Extra"]
[Source "ChessBase"]
[SourceDate "2023.05.31"]
[SourceVersion "1"]
[SourceVersionDate "2023.05.31"]
[SourceQuality "1"]

1. f4 d5 2. Nf3 c5 3. e3 Nc6 4. d4 Bg4 5. c3 e6 6. h3 Bf5 7. Be2 Nf6 8. 0-0 Ne4 9. Qe1 Bd6 10. Nfd2 Nf6 11. Nf3 h6 12. Ne5 0-0 13. Nd2 Qc7 14. g4 Bh7 15. Qh4 Be7 16. Qg3 Nxe5 17. fxe5 Nd7 18. Nf3 f6 19. Bb5 Nb6 20. Be2 Nd7 21. Bb5 Nb6 22. Be2 a6 23. h4 Be4 24. g5 hxg5 25. hxg5 fxe5 26. g6 Rf6 27. Nxe5 Rxg6 28. Bg4 Nd7 29. Rf4 Nxe5 30. dxe5 Qxe5 31. Rf8+ Rxf8 32. Qxe5 Rxg4+ 33. Kh2 Rf2+ 34. Kh3 Rh4+ 35. Kg3 Rg2# 0-1

[Event "Erfurt op-B 29th"]
[Site "Erfurt"]
[Date "2019.12.26"]
[Round "1"]
[White "Reuter, Hans Otto"]
[Black "Marcussen, Claus"]
[Result "1-0"]
[WhiteElo "1935"]
[BlackElo "1712"]
[PlyCount "57"]
[EventDate "2019.12.26"]
[EventType "swiss"]
[EventRounds "8"]
[EventCountry "GER"]
[SourceTitle "EXT 2021"]
[Source "ChessBase"]
[SourceDate "2020.10.23"]
[SourceVersion "1"]
[SourceVersionDate "2020.10.23"]
[SourceQuality "1"]

1. Nf3 d5 2. g3 e6 3. Bg2 Be7 4. d3 Nf6 5. Bg5 h6 6. Bxf6 Bxf6 7. c3 Nc6 8. Nbd2 Bd7 9. 0-0 g5 10. e4 g4 11. Ne1 dxe4 12. Nxe4 h5 13. Nc5 Qe7 14. d4 0-0-0 15. Qb3 b6 16. Ned3 h4 17. Qb5 Na5 18. Qa6+ Kb8 19. b4 Bc8 20. Qb5 Nb7 21. Qc6 Qd6 22. Na6+ Ka8 23. Nxc7+ Kb8 24. Na6+ Ka8 25. b5 hxg3 26. hxg3 Be7 27. Ndb4 Rh5 28. Nc7+ Kb8 29. Nba6# 1-0

[Event "Kiel op 31st"]
[Site "Kiel"]
[Date "2018.07.29"]
[Round "4"]
[White "Basey, Matthew"]
[Black "Marcussen, Claus"]
[Result "1-0"]
[WhiteElo "1889"]
[BlackElo "1736"]
[PlyCount "36"]
[EventDate "2018.07.28"]
[EventType "swiss"]
[EventRounds "9"]
[EventCountry "GER"]
[SourceTitle "CBM 185 Extra"]
[Source "ChessBase"]
[SourceDate "2018.07.29"]
[SourceVersion "1"]
[SourceVersionDate "2018.07.29"]
[SourceQuality "1"]

1. e4 d5 2. exd5 Qxd5 3. Nc3 Qd8 4. Bc4 g6 5. Nge2 Bg7 6. d3 Nd7 7. 0-0 Nb6 8. Bb3 Nh6 9. Ng3 Bd7 10. Qe2 0-0 11. Bg5 Nc8 12. Rae1 Re8 13. Nce4 Kh8 14. Bxh6 Bxh6 15. Bxf7 Rf8 16. Bb3 Bg7 17. Ng5 Nd6 18. Qxe7 Bf6 1-0

[Event "Fredericia-ch B"]
[Site "Fredericia"]
[Date "2013.09.23"]
[Round "4"]
[White "Marcussen, Claus"]
[Black "Ebbesen, Richard"]
[Result "1/2-1/2"]
[WhiteElo "1798"]
[BlackElo "1826"]
[PlyCount "102"]
[EventDate "2013.08.26"]
[EventType "tourn"]
[EventRounds "5"]
[EventCountry "DEN"]
[SourceTitle "EXT 2023"]
[Source "ChessBase"]
[SourceDate "2022.10.05"]
[SourceVersion "1"]
[SourceVersionDate "2022.10.05"]
[SourceQuality "1"]

1. f4 d5 2. Nf3 g6 3. e3 Nf6 4. d4 Bg7 5. Bd3 0-0 6. Nbd2 e6 7. Ne5 Nbd7 8. 0-0 c5 9. c3 Qc7 10. g4 b6 11. g5 Ne8 12. h4 f6 13. Nxg6 hxg6 14. Bxg6 Nb8 15. Qh5 Rf7 16. Bxf7+ Qxf7 17. g6 Qc7 18. Qh7+ Kf8 19. h5 Ba6 20. Rf2 Bd3 21. h6 Nc6 22. Nf3 a6 23. Bd2 Ra7 24. hxg7+ Qxg7 25. Qxg7+ Rxg7 26. Rg2 Ne7 27. Nh4 Nxg6 28. Nxg6+ Bxg6 29. Kf2 f5 30. b3 Nf6 31. dxc5 Ne4+ 32. Ke2 Bh5+ 33. Kf1 bxc5 34. Be1 Bg4 35. Kg1 Ke7 36. Rc1 Kd6 37. c4 Rh7 38. Rh2 Bh3 39. Bc3 Rh4 40. Be5+ Kc6 41. cxd5+ exd5 42. Rcc2 Rg4+ 43. Rcg2 Rxg2+ 44. Rxg2 Bxg2 45. Kxg2 c4 46. bxc4 dxc4 47. Kf3 Kd5 48. Ke2 Kc5 49. Kd1 a5 50. a3 Kd5 51. Kc2 Kc5 1/2-1/2

[Event "Fredericia Spring-B"]
[Site "Fredericia"]
[Date "2013.06.10"]
[Round "5"]
[White "Marcussen, Claus"]
[Black "Paulsen, Hans Norgaard"]
[Result "0-1"]
[WhiteElo "1813"]
[BlackElo "1913"]
[PlyCount "62"]
[EventDate "2013.04.29"]
[EventType "tourn"]
[EventRounds "5"]
[EventCountry "DEN"]
[SourceTitle "EXT 2023"]
[Source "ChessBase"]
[SourceDate "2022.10.05"]
[SourceVersion "1"]
[SourceVersionDate "2022.10.05"]
[SourceQuality "1"]

1. f4 d5 2. Nf3 c5 3. e3 Nf6 4. d4 e6 5. c3 Be7 6. Bd3 0-0 7. Nbd2 b6 8. Qe2 Bb7 9. Ne5 Nbd7 10. Qf3 Ne4 11. Nxe4 dxe4 12. Bxe4 Bxe4 13. Qxe4 Nf6 14. Qf3 cxd4 15. exd4 Qc7 16. Ng4 Nxg4 17. Qxg4 a5 18. 0-0 Rad8 19. f5 exf5 20. Rxf5 g6 21. Bh6 Rfe8 22. Raf1 f6 23. R5f3 Qc4 24. b3 Qc6 25. c4 Rxd4 26. Rf4 Rxf4 27. Bxf4 f5 28. Qg3 Bc5+ 29. Kh1 Re2 30. Bh6 Qe4 31. Rd1 Bd6 0-1

[Event "Fredericia-ch B"]
[Site "Fredericia"]
[Date "2012.09.17"]
[Round "3"]
[White "Marcussen, Claus"]
[Black "Ananthan, Arunn"]
[Result "1-0"]
[WhiteElo "1720"]
[BlackElo "1676"]
[PlyCount "65"]
[EventDate "2012.09.03"]
[EventType "tourn"]
[EventRounds "5"]
[EventCountry "DEN"]
[SourceTitle "EXT 2023"]
[Source "ChessBase"]
[SourceDate "2022.10.05"]
[SourceVersion "1"]
[SourceVersionDate "2022.10.05"]
[SourceQuality "1"]

1. f4 Nf6 2. Nf3 d5 3. e3 Nc6 4. c3 Ne4 5. d3 Nf6 6. d4 g6 7. Bd3 Bg7 8. Nbd2 Ng4 9. e4 Ne3 10. Qe2 dxe4 11. Nxe4 Nd5 12. Bd2 a5 13. a3 a4 14. 0-0 Na5 15. Rae1 0-0 16. Nc5 Re8 17. Nxa4 Nb3 18. Nc5 Nxc5 19. dxc5 Bg4 20. Bc4 c6 21. Rd1 Qa5 22. Bxd5 cxd5 23. Be3 e6 24. Qd2 Bxf3 25. Rxf3 Bf8 26. Qf2 Red8 27. c6 bxc6 28. Bb6 Qa4 29. Rd4 Qb5 30. Bxd8 Rxd8 31. b4 c5 32. Rd2 cxb4 33. axb4 1-0

[Event "Rostock SSC 07 op 11th"]
[Site "Rostock"]
[Date "2012.08.05"]
[Round "7"]
[White "Marcussen, Claus"]
[Black "Raitza, Egon"]
[Result "1/2-1/2"]
[WhiteElo "1869"]
[BlackElo "1875"]
[PlyCount "75"]
[EventDate "2012.08.01"]
[EventType "swiss"]
[EventRounds "7"]
[EventCountry "GER"]
[SourceTitle "EXT 2017"]
[Source "ChessBase"]
[SourceDate "2016.10.25"]
[SourceVersion "1"]
[SourceVersionDate "2016.10.25"]
[SourceQuality "1"]

1. f4 d5 2. Nf3 Nf6 3. e3 e6 4. d4 Bd6 5. Bd3 0-0 6. Nbd2 b6 7. Qe2 c5 8. c3 Bb7 9. Ne5 Nbd7 10. 0-0 Rc8 11. g4 Ne4 12. Qg2 Ndf6 13. g5 Nh5 14. Nxe4 dxe4 15. Be2 g6 16. Bxh5 gxh5 17. h4 Kh8 18. Qe2 f6 19. gxf6 Qxf6 20. Qxh5 cxd4 21. exd4 Bxe5 22. Qxe5 Qxe5 23. dxe5 Rg8+ 24. Kf2 Rg4 25. Be3 Rcg8 26. Rg1 Rxh4 27. Rxg8+ Kxg8 28. Rd1 Bd5 29. b3 Rh2+ 30. Kg3 Rxa2 31. c4 Re2 32. Bg1 Bc6 33. Rd6 Be8 34. c5 Rb2 35. cxb6 Rxb3+ 36. Kg4 axb6 37. Rxb6 h5+ 38. Kh4 1/2-1/2

[Event "Fredericia Foraar B"]
[Site "Fredericia"]
[Date "2012.06.04"]
[Round "5"]
[White "Hamann, Brian Michael"]
[Black "Marcussen, Claus"]
[Result "1-0"]
[WhiteElo "1804"]
[BlackElo "1759"]
[PlyCount "39"]
[EventDate "2012.04.30"]
[EventType "tourn"]
[EventRounds "5"]
[EventCountry "DEN"]
[SourceTitle "EXT 2023"]
[Source "ChessBase"]
[SourceDate "2022.10.05"]
[SourceVersion "1"]
[SourceVersionDate "2022.10.05"]
[SourceQuality "1"]

1. e4 e5 2. d4 d6 3. Nf3 Bg4 4. Bc4 Bxf3 5. Qxf3 Qf6 6. Qb3 b6 7. d5 Qg6 8. Bb5+ c6 9. dxc6 Qxe4+ 10. Be3 Kd8 11. 0-0 Qg6 12. c7+ Kxc7 13. Qd5 Ne7 14. Qxa8 Nbc6 15. Ba6 Qe6 16. Nc3 g6 17. Nb5+ Kd7 18. Qb7+ Kd8 19. Qc7+ Ke8 20. Nxd6+ 1-0

[Event "North Sea Cup 22nd"]
[Site "Esbjerg"]
[Date "2007.07.20"]
[Round "10"]
[White "Marcussen, Claus"]
[Black "Jensen, Leif Haugaard"]
[Result "0-1"]
[WhiteElo "1988"]
[BlackElo "2113"]
[PlyCount "64"]
[EventDate "2007.07.13"]
[EventType "swiss"]
[EventRounds "10"]
[EventCountry "DEN"]
[SourceTitle "CBM 119 Extra"]
[Source "ChessBase"]
[SourceDate "2007.09.04"]
[SourceVersion "1"]
[SourceVersionDate "2007.09.04"]
[SourceQuality "1"]

1. f4 d5 2. Nf3 Nf6 3. e3 Bg4 4. d4 e6 5. Bd3 c5 6. c3 Bd6 7. 0-0 0-0 8. h3 Bxf3 9. Qxf3 Nc6 10. Nd2 Rc8 11. Re1 Qc7 12. Nf1 a6 13. Nh2 b5 14. Bd2 c4 15. Bc2 Rb8 16. Ng4 Nxg4 17. hxg4 Ne7 18. Kf2 f5 19. Rh1 g6 20. Rh6 Rf7 21. Rah1 Rbf8 22. g5 Rg7 23. g4 fxg4 24. Qxg4 Nf5 25. R6h3 Qd7 26. e4 dxe4 27. Bxe4 e5 28. dxe5 Bxe5 29. Rd1 Ne3 30. Qxd7 Nxd1+ 31. Ke2 Rxd7 32. Bc6 Rd6 0-1

[Event "North Sea Cup 22nd"]
[Site "Esbjerg"]
[Date "2007.07.15"]
[Round "5"]
[White "Christensen, Christoffer Ellegaa"]
[Black "Marcussen, Claus"]
[Result "0-1"]
[WhiteElo "1581"]
[BlackElo "1988"]
[PlyCount "75"]
[EventDate "2007.07.13"]
[EventType "swiss"]
[EventRounds "10"]
[EventCountry "DEN"]
[SourceTitle "CBM 119 Extra"]
[Source "ChessBase"]
[SourceDate "2007.09.04"]
[SourceVersion "1"]
[SourceVersionDate "2007.09.04"]
[SourceQuality "1"]

1. d4 f5 2. Nf3 Nf6 3. Bf4 e6 4. e3 d5 5. c3 Bd6 6. Bg3 0-0 7. Nbd2 Ne4 8. Bxd6 Qxd6 9. Ne5 Nxd2 10. Qxd2 c5 11. Bd3 c4 12. Bc2 Nd7 13. f4 a5 14. 0-0 b5 15. a3 Nf6 16. Qe2 Bd7 17. Qd2 Rfb8 18. b4 cxb3 19. Bxb3 Ne4 20. Qd3 Rc8 21. Rfc1 Ra7 22. a4 Rac7 23. Nxd7 Qxd7 24. Bd1 Nxc3 25. axb5 Ne2+ 26. Bxe2 Rxc1+ 27. Rxc1 Rxc1+ 28. Kf2 Qc7 29. Qa3 Rc3 30. Qb2 Rc2 31. Qa3 Qc4 32. h3 Qxe2+ 33. Kg3 Qxg2+ 34. Kh4 Qf2+ 35. Kh5 Qf3+ 36. Kh4 Rh2 37. Qe7 Rxh3+ 38. Kg5 0-1